Adivina el logo - Argentina 4 - Estadísticas

Estadísticas generales
  • Esta prueba ha sido intentada 49 veces
  • La puntuación promedio es 10 de 16
Estadísticas de respuestas
Imagen Respuesta % Correcto
LG
95%
Telefé
93%
Nickelodeon
90%
Paka Paka
90%
Farmacity
85%
The Sims
80%
Wikipedia
70%
Parque de la Costa
68%
Guaymallén
63%
Temaikén
63%
FIFA
60%
SoundCloud
53%
Telecentro
45%
Gafa
33%
Pigmento
33%
Cebra
30%
No se encontraron pruebas coincidentes
Distribución de puntuación
Porcentaje de gente con cada puntuación
Porcentaje por número respondido
Historial de tus puntuaciones
No has intentado esta prueba.